000 01241cam a2200313 i 4500
001 25884
003 Mx-PuUPA
005 20251030100452.0
008 140415s2015 mx a gr 000 0 spa d
040 _aMx-PuUPA
_bspa
_cMx-PuUPA
_dMx-PuUPA
_erda
041 0 _aspa
043 _an-mx---
100 1 _aGarcía Espinosa, J. Cruz
_917633
_eautor
245 1 0 _aAyotzinapa :
_blos Pineda Villa /
_cJ. Cruz García Espinosa
246 3 _aLos Pineda Villa /
_bdanza entre narcos, policías y políticos que desembocó en la tragedia de Iguala, Guerrero. Una historia interminable.
264 1 _a[México?] :
_bPopulibros Libertad : División de Editorial,
_c2015
300 _a94 páginas :
_bilustraciones (en blanco y negro) ;
_c21 cm
336 _2rdacontent
_atexto
_btxt
336 _2rdacontent
_aimagen fija
_bsti
337 _2rdamedia
_asin medio
_bn
338 _2rdacarrier
_avolumen
_bnc
490 0 _aLos Tufos del Narco
650 7 _2armarc
_aTráfico de drogas
_zMéxico
650 7 _2armarc
_aNarcotráfico
_zMéxico
_xHistoria
942 _2ddc
_cLI
_h364.133650972
_iG22
999 _c25884
_d25884